Największe powiaty w polsce. - Statystyki

Ogólne statystyki
  • Ten quiz został rozwiązany 140 razy
  • Średni wynik to 6 z 10
Statystyki odpowiedzi
Numer Województwo Powiat % Poprawnych
1 woj. podlaskie białostocki
95%
2 woj. warmińsko-mazurskie olsztynski
85%
5 woj. świętokrzyskie kielecki
74%
4 woj. pomorskie słupski
66%
10 woj. wielkopolskie poznański
65%
3 woj. lubelskie bialski
54%
6 woj. pomorskie bytowski
53%
7 woj. mazowieckie ostrołęcki
46%
8 woj. podlaskie sokólski
43%
9 woj. warmińsko-mazurskie szczycieński
36%
Nie znaleziono quizów pasujących do podanych kryteriów
Rozkład punktacji
Procent ludzi z każdym wynikiem
Percentyl według liczby udzielonych odpowiedzi
Twoja historia wyników
Nie rozwiązałeś tego quizu